000 00403nam a2200169Ia 4500
008 230711s9999||||xx |||||||||||||| ||und||
041 _aENG
082 _a624
_bKO-R
100 _aKong, F.K
245 0 _aReinforced and Prestressed Concrete
250 _a3rd . . Ed.
260 _c1987
_aNew Delhi
_bElbs Britain
300 _a412
650 _aCivil Engineering
700 _aEvans,R.H
942 _cBK
999 _c2029
_d2029